[Event "90th UKR-ch"]
[Site "Kharkiv UKR"]
[Date "2021.12.14"]
[Round "6"]
[White "Kravtsiv, Martyn"]
[Black "Vysochin, Spartak"]
[WhiteElo "2604"]
[BlackElo "2505"]
[Result "1-0"]
[EventDate "2021.12.08"]
[PlyCount "99"]

1. e4 c6 2. Nf3 d5 3. d3 g6 4. e5 Bg7 5. d4 Nh6 6. Bd3 f6 7. O-O O-O 8. exf6 exf6 9. Re1 Nd7 10. h3 Re8 11. c4 Nb6 12. c5 Nd7 13. b4 Nf8 14. Nc3 g5 15. Rxe8 Qxe8 16. Qc2 Be6 17. Bd2 Qd7 18. Re1 Re8 19. b5 Bf7 20. Rxe8 Bxe8 21. Qa4 Bh5 22. Qxa7 Bxf3 23. bxc6 Qxc6 24. gxf3 f5 25. Bb5 Qe6 26. Qxb7 Bxd4 27. Qxd5 Qxd5 28. Nxd5 Bxc5 29. Bxg5 Nf7 30. Be3 Ne6 31. Bd7 Nd4 32. Bxf5 Nxf3+ 33. Kf1 Bxe3 34. fxe3 Nd6 35. Bd3 h6 36. a4 Nb7 37. Be2 Ne5 38. Ne7+ Kf7 39. Nf5 Kg6 40. Nd4 Kf6 41. Nb3 Ke7 42. a5 Nd6 43. a6 Nc6 44. Nd4 Na7 45. Kf2 Kd7 46. Kf3 Kc7 47. Kg4 Kb6 48. Kh5 Nac8 49. Kxh6 Ne7 50. Nb5 1-0

[Event "90th UKR-ch"]
[Site "Kharkiv UKR"]
[Date "2021.12.14"]
[Round "6"]
[White "Kryvoruchko, Yuriy"]
[Black "Omelia, Artem"]
[WhiteElo "2685"]
[BlackElo "2509"]
[Result "1/2-1/2"]
[EventDate "2021.12.08"]
[PlyCount "45"]

1. e4 e5 2. Nf3 Nc6 3. Bb5 Nf6 4. O-O Nxe4 5. d4 Nd6 6. Bxc6 dxc6 7. dxe5 Nf5 8. Qxd8+ Kxd8 9. h3 Be7 10. Nc3 h5 11. Ne2 Ke8 12. Bg5 Be6 13. Nf4 Bd5 14. Bxe7 Kxe7 15. Ng5 Nd4 16. Rad1 Ne6 17. Ngxe6 Bxe6 18. Rd2 h4 19. Rfd1 Bf5 20. e6 Bxe6 21. Nxe6 Kxe6 22. Rd4 Rae8 23. Re1+ 1/2-1/2

[Event "90th UKR-ch"]
[Site "Kharkiv UKR"]
[Date "2021.12.14"]
[Round "6"]
[White "Onyshchuk, Volodymyr"]
[Black "Kuzubov, Yuriy"]
[WhiteElo "2620"]
[BlackElo "2652"]
[Result "1-0"]
[EventDate "2021.12.08"]
[PlyCount "79"]

1. e4 e5 2. Nf3 Nf6 3. Nxe5 d6 4. Nf3 Nxe4 5. d4 d5 6. Bd3 Be7 7. O-O O-O 8. Re1 Bf5 9. Nbd2 Nd6 10. Bxf5 Nxf5 11. Nf1 Nd7 12. Ng3 Nxg3 13. hxg3 Bd6 14. Qd3 c6 15. Bg5 f6 16. Bf4 Bxf4 17. gxf4 Qc7 18. Re7 Rae8 19. Rae1 Qd8 20. Qa3 Ne5 21. Rxe8 Nxf3+ 22. gxf3 Rxe8 23. Rxe8+ Qxe8 24. Qxa7 Qg6+ 25. Kf1 Qxc2 26. Qb8+ Kf7 27. Qxb7+ Kg6 28. Kg2 h6 29. b4 Kh7 30. Qd7 Qg6+ 31. Qg4 Qc2 32. a3 Kh8 33. Qh5 Kh7 34. b5 cxb5 35. Qxd5 Qd2 36. Qf5+ Kg8 37. Qxb5 g5 38. Qe8+ Kg7 39. Qe7+ Kg8 40. Qxf6 1-0

[Event "90th UKR-ch"]
[Site "Kharkiv UKR"]
[Date "2021.12.14"]
[Round "6"]
[White "Volokytin, Andriy"]
[Black "Shevchenko, Kirill"]
[WhiteElo "2677"]
[BlackElo "2655"]
[Result "1/2-1/2"]
[EventDate "2021.12.08"]
[PlyCount "60"]

1. e4 c5 2. Nf3 Nc6 3. Bb5 g6 4. Bxc6 dxc6 5. d3 Qc7 6. e5 Nh6 7. Bf4 Nf5 8. c3 h6 9. h3 Ng7 10. Nbd2 Ne6 11. Bh2 Bg7 12. O-O O-O 13. Qe2 Qd7 14. Rad1 b6 15. Nc4 Ba6 16. Nh4 g5 17. Nf5 Nd4 18. Nxh6+ Bxh6 19. cxd4 Qxd4 20. e6 f6 21. Qh5 Bg7 22. Qg6 Qh4 23. Ne3 Qh7 24. Qxh7+ Kxh7 25. Nf5 Rfd8 26. Rfe1 Bf8 27. Bd6 Re8 28. Bh2 Rad8 29. d4 Rd5 30. g4 Red8 1/2-1/2

[Event "90th UKR-ch"]
[Site "Kharkiv UKR"]
[Date "2021.12.15"]
[Round "7"]
[White "Kuzubov, Yuriy"]
[Black "Kryvoruchko, Yuriy"]
[WhiteElo "2652"]
[BlackElo "2685"]
[Result "1/2-1/2"]
[EventDate "2021.12.08"]
[PlyCount "120"]

1. c4 Nf6 2. Nc3 e5 3. Nf3 Nc6 4. d3 d5 5. cxd5 Nxd5 6. e4 Nf6 7. h3 Be7 8. Be3 O-O 9. Be2 Re8 10. O-O Bf8 11. Rc1 Nd4 12. Bg5 Nxf3+ 13. Bxf3 c6 14. Ne2 h6 15. Be3 Nh7 16. Bg4 Bxg4 17. hxg4 Ng5 18. f3 Ne6 19. Qb3 Qd7 20. Rfd1 c5 21. g3 Be7 22. Kf2 Rad8 23. a4 b6 24. Qb5 Qd6 25. a5 Bg5 26. axb6 axb6 27. Ra1 Re7 28. Qb3 Rc7 29. Bxg5 hxg5 30. Kg2 Qc6 31. Nc3 Nd4 32. Qa4 b5 33. Qa6 Qe6 34. Nd5 Rcd7 35. Ra5 Nc2 36. Rd2 Qxa6 37. Rxa6 Nb4 38. Nxb4 cxb4 39. Rb6 Rxd3 40. Re2 Rb3 41. Rxb5 f6 42. Rc5 Rdd3 43. Rf2 Rd1 44. Re2 Rbd3 45. Kf2 b3 46. Rb5 Rh1 47. Kg2 Rc1 48. Kf2 Kf7 49. Rb7+ Kf8 50. Rb8+ Ke7 51. Rb7+ Kd6 52. Rxg7 Rc2 53. Rb7 Rdd2 54. Rxd2+ Rxd2+ 55. Ke3 Rxb2 56. Kd3 Kc5 57. Rc7+ Kb6 58. Rc8 Rb1 59. Rf8 Kb5 60. Kc3 Ka4 1/2-1/2

[Event "90th UKR-ch"]
[Site "Kharkiv UKR"]
[Date "2021.12.15"]
[Round "7"]
[White "Moiseenko, Olexandr"]
[Black "Onyshchuk, Volodymyr"]
[WhiteElo "2597"]
[BlackElo "2620"]
[Result "1-0"]
[EventDate "2021.12.08"]
[PlyCount "71"]

1. d4 g6 2. e4 Bg7 3. Nc3 d6 4. f4 Nf6 5. Nf3 O-O 6. Bd3 Na6 7. O-O c5 8. d5 Rb8 9. Kh1 Bg4 10. a3 Nc7 11. Qe1 Bxf3 12. gxf3 b5 13. f5 c4 14. Be2 Qc8 15. Rg1 a5 16. Qh4 b4 17. axb4 axb4 18. Nd1 Nb5 19. Be3 Qc7 20. Nf2 Ra8 21. Rxa8 Rxa8 22. f4 Ra2 23. fxg6 fxg6 24. f5 Rxb2 25. fxg6 h5 26. Bxh5 Rxc2 27. Bg4 c3 28. Be6+ Kf8 29. Ng4 Qc4 30. Nxf6 Qe2 31. Nh7+ Ke8 32. Qf4 Kd8 33. Bb6+ Nc7 34. Ng5 Qd2 35. Nf7+ Ke8 36. Nxd6+ 1-0

[Event "90th UKR-ch"]
[Site "Kharkiv UKR"]
[Date "2021.12.15"]
[Round "7"]
[White "Omelia, Artem"]
[Black "Volokytin, Andriy"]
[WhiteElo "2509"]
[BlackElo "2677"]
[Result "1/2-1/2"]
[EventDate "2021.12.08"]
[PlyCount "58"]

1. d4 Nf6 2. Nf3 d5 3. e3 c5 4. dxc5 e6 5. c4 Bxc5 6. Nc3 O-O 7. cxd5 exd5 8. Be2 Nc6 9. O-O a6 10. b3 Ba7 11. Bb2 Bf5 12. Rc1 Rc8 13. Bd3 Bg4 14. h3 Bh5 15. Be2 Re8 16. Nh4 Bg6 17. Nxg6 hxg6 18. Bf3 d4 19. exd4 Bxd4 20. Na4 Bxb2 21. Nxb2 Qxd1 22. Rcxd1 b5 23. Nd3 Nd4 24. Bb7 Rb8 25. Nc5 Ne2+ 26. Kh2 Nc3 27. Rd6 Re5 28. Nd7 Nxd7 29. Rxd7 a5 1/2-1/2

[Event "90th UKR-ch"]
[Site "Kharkiv UKR"]
[Date "2021.12.15"]
[Round "7"]
[White "Shevchenko, Kirill"]
[Black "Kravtsiv, Martyn"]
[WhiteElo "2655"]
[BlackElo "2604"]
[Result "1/2-1/2"]
[EventDate "2021.12.08"]
[PlyCount "100"]

1. e4 c5 2. Nf3 Nf6 3. e5 Nd5 4. c3 d6 5. Bb5+ Bd7 6. Bc4 e6 7. d4 dxe5 8. dxe5 Bc6 9. Qe2 Nd7 10. O-O N5b6 11. Bd3 Bxf3 12. Qxf3 Nxe5 13. Bb5+ Nc6 14. Rd1 Qc8 15. Bg5 Be7 16. Bxe7 Kxe7 17. Qe3 Nd7 18. Qg3 Rd8 19. Qxg7 Nf6 20. Nd2 Qc7 21. Nf3 Qf4 22. Qg5 Qxg5 23. Nxg5 Rxd1+ 24. Rxd1 Rd8 25. Rxd8 Nxd8 26. f4 h6 27. Nf3 Nd5 28. g3 Nb6 29. Nd2 a6 30. Be2 Na4 31. Nc4 b5 32. Bd1 Nxc3 33. bxc3 bxc4 34. Be2 f5 35. Bxc4 a5 36. Kf2 Nf7 37. Ke3 Nd6 38. Bd3 Kf6 39. h3 e5 40. g4 fxg4 41. hxg4 exf4+ 42. Kxf4 c4 43. Be2 Nb5 44. Bxc4 Nxc3 45. a3 Nb1 46. a4 Nc3 47. Bb3 Ne2+ 48. Ke3 Nc3 49. Kd4 Nxa4 50. Bxa4 h5 1/2-1/2

[Event "90th UKR-ch"]
[Site "Kharkiv UKR"]
[Date "2021.12.15"]
[Round "7"]
[White "Vysochin, Spartak"]
[Black "Bakhmatskyi, Vladyslav"]
[WhiteElo "2505"]
[BlackElo "2432"]
[Result "0-1"]
[EventDate "2021.12.08"]
[PlyCount "92"]

1. e4 c5 2. Nf3 d6 3. Bb5+ Nd7 4. O-O a6 5. Bd3 Ngf6 6. Re1 e6 7. c3 b5 8. Bc2 Bb7 9. d4 Be7 10. a4 cxd4 11. cxd4 O-O 12. a5 Qc7 13. Nbd2 Rac8 14. Bd3 Rfe8 15. Nb3 Bf8 16. Bd2 g6 17. h3 Bg7 18. Bb4 Qb8 19. Nbd2 Bf8 20. Qb3 e5 21. dxe5 dxe5 22. Bxf8 Rxf8 23. Bb1 Kg7 24. Qe3 Qd6 25. Nf1 Qb4 26. Ng3 Qxb2 27. Ba2 Rc2 28. Nh4 Qb4 29. Rec1 Rfc8 30. Rxc2 Rxc2 31. Qg5 Rxa2 32. Rd1 Kh8 33. Rxd7 Nxd7 34. Qd8+ Qf8 35. Qxd7 Bc8 36. Qc7 f6 37. Nf3 Ra1+ 38. Kh2 Rd1 39. Ne2 Qd8 40. Qc5 Rd6 41. Nc3 Be6 42. g4 h6 43. Ne2 Qd7 44. Ng3 Kg7 45. Nf1 Rc6 46. Qa3 Qd6 0-1

[Event "90th UKR-ch"]
[Site "Kharkiv UKR"]
[Date "2021.12.16"]
[Round "8"]
[White "Bakhmatskyi, Vladyslav"]
[Black "Shevchenko, Kirill"]
[WhiteElo "2432"]
[BlackElo "2655"]
[Result "1/2-1/2"]
[EventDate "2021.12.08"]
[PlyCount "170"]

1. Nf3 Nf6 2. c4 g6 3. g3 Bg7 4. Bg2 O-O 5. O-O d6 6. Nc3 Nc6 7. d3 e5 8. Rb1 Re8 9. b4 a6 10. Bg5 h6 11. Bxf6 Bxf6 12. a4 Bg7 13. b5 Ne7 14. Nd2 axb5 15. axb5 e4 16. Qc2 e3 17. fxe3 Nf5 18. Rxf5 Bxf5 19. Bxb7 Rxe3 20. Bf3 Ra3 21. Nd5 Re8 22. Kh1 Be6 23. Qc1 Ra7 24. Nb4 Qg5 25. Ne4 Qxc1+ 26. Rxc1 Ra1 27. Rxa1 Bxa1 28. Na6 Re7 29. Nb8 Kg7 30. Nc6 Re8 31. b6 cxb6 32. Nxd6 Ra8 33. Nd4 Ra2 34. Nxe6+ fxe6 35. Ne4 Bd4 36. h3 Rb2 37. g4 b5 38. cxb5 Rxb5 39. Kg2 Rb1 40. Kh2 Rc1 41. Kg2 Kf7 42. Kh2 Ke7 43. Kg2 Kd7 44. h4 Rg1+ 45. Kh2 Ke7 46. Bg2 Rc1 47. Bf3 Rc8 48. Kg2 Rg8 49. Kh2 Rg7 50. Kg2 Kd7 51. Nd2 Be3 52. Nc4 Bf4 53. Be4 Ke7 54. Bf3 Kf6 55. Kf2 Ra7 56. Kg2 Ra1 57. Kf2 Bb8 58. Kg2 Ba7 59. Kg3 Bc5 60. Kg2 Rg1+ 61. Kh2 Ba7 62. Nd6 Ra1 63. Nc4 Bf2 64. Kh3 Rg1 65. Kh2 Rc1 66. Kh3 Ra1 67. Nd6 Be3 68. Nc4 Bc5 69. Kg2 Bd4 70. Kh2 Rb1 71. Kg2 Ba7 72. Kh2 Rb5 73. Kg2 Bb8 74. Be4 Bc7 75. Kf2 Kg7 76. Kg2 Rb8 77. Bf3 Rf8 78. Kh3 Bd8 79. Kg3 Be7 80. Kh3 Bb4 81. Kg2 Be1 82. Kh3 Rf4 83. Ne3 Bf2 84. Nc4 Kf6 85. Kg2 Ba7 1/2-1/2

[Event "90th UKR-ch"]
[Site "Kharkiv UKR"]
[Date "2021.12.16"]
[Round "8"]
[White "Kryvoruchko, Yuriy"]
[Black "Moiseenko, Olexandr"]
[WhiteElo "2685"]
[BlackElo "2597"]
[Result "1/2-1/2"]
[EventDate "2021.12.08"]
[PlyCount "79"]

1. e4 c5 2. Nf3 Nc6 3. Bb5 e6 4. O-O Nge7 5. Re1 b6 6. c3 a6 7. Bf1 d5 8. exd5 Nxd5 9. d4 cxd4 10. Nxd4 Bb7 11. Nxc6 Bxc6 12. c4 Nf6 13. Be3 Bc5 14. Bxc5 bxc5 15. Nd2 a5 16. Be2 a4 17. Qc2 O-O 18. Bf3 Qb6 19. Bxc6 Qxc6 20. Nf3 Rfd8 21. Rad1 h6 22. h3 Rab8 23. Re2 Qa8 24. Red2 Rxd2 25. Rxd2 Ne4 26. Rd1 Nf6 27. Ne5 a3 28. b3 Rd8 29. Rxd8+ Qxd8 30. Qd3 Qc7 31. f4 Kf8 32. Kf2 Ke7 33. Qf3 Qd6 34. Qb7+ Nd7 35. Ke2 f6 36. Nc6+ Kf7 37. Qc8 Nb6 38. Qb7+ Nd7 39. Qc8 Nb6 40. Qb7+ 1/2-1/2

[Event "90th UKR-ch"]
[Site "Kharkiv UKR"]
[Date "2021.12.16"]
[Round "8"]
[White "Omelia, Artem"]
[Black "Kuzubov, Yuriy"]
[WhiteElo "2509"]
[BlackElo "2652"]
[Result "0-1"]
[EventDate "2021.12.08"]
[PlyCount "146"]

1. Nf3 d5 2. e3 c5 3. b3 Nf6 4. Bb2 g6 5. g3 Bg7 6. Bg2 O-O 7. O-O Bf5 8. Na3 Nc6 9. Ne5 Qc7 10. Nxc6 bxc6 11. Nb1 e5 12. d3 Rfe8 13. Nd2 Rad8 14. Rc1 h5 15. Qe2 Bg4 16. Qe1 Bc8 17. Qe2 h4 18. e4 Bh6 19. Rcd1 hxg3 20. hxg3 Kg7 21. exd5 cxd5 22. Rfe1 Qa5 23. Bc1 Qxa2 24. Nb1 Bxc1 25. Rxc1 Qa5 26. Qd2 Qb4 27. Qxb4 cxb4 28. Nd2 Rd6 29. Nf3 Nd7 30. Ra1 a6 31. Ra4 Rb6 32. Ra5 Bb7 33. Re2 f6 34. d4 e4 35. Nh2 Nf8 36. Ng4 Ne6 37. Rd2 f5 38. Ne3 Rd8 39. f3 Kf6 40. Kf2 Ke7 41. Rd1 Rb5 42. Ra4 Rf8 43. f4 Rb6 44. Ra5 Kd6 45. Bh3 Rf7 46. Bg2 Rh7 47. Bf1 Nc7 48. Kg2 Bc6 49. Rda1 Bb5 50. Bxb5 axb5 51. Ra7 Rc6 52. Rb7 Rc3 53. Rb6+ Kd7 54. Re1 Rc6 55. Rxc6 Kxc6 56. Ra1 Kb7 57. Rd1 Rh8 58. Ra1 Kc6 59. Rd1 Kd6 60. Ra1 Ra8 61. Rd1 Ne6 62. Kf2 Rh8 63. Kg2 Kc6 64. Rd2 Rh5 65. Rd1 g5 66. fxg5 Rxg5 67. Kf2 Rh5 68. Kg2 Kd6 69. g4 fxg4 70. Nxg4 Rf5 71. Nh2 Rf8 72. Nf1 Rf3 73. Rd2 Nf4+ 0-1

[Event "90th UKR-ch"]
[Site "Kharkiv UKR"]
[Date "2021.12.16"]
[Round "8"]
[White "Onyshchuk, Volodymyr"]
[Black "Vysochin, Spartak"]
[WhiteElo "2620"]
[BlackElo "2505"]
[Result "0-1"]
[EventDate "2021.12.08"]
[PlyCount "92"]

1. e4 c6 2. d4 d5 3. e5 Bf5 4. h4 h5 5. Bd3 Bxd3 6. Qxd3 Qa5+ 7. Nd2 e6 8. Ne2 Ne7 9. b4 Qb5 10. c4 dxc4 11. Nxc4 Nd5 12. Bd2 Nb6 13. Rc1 N8d7 14. a4 Nxa4 15. Qb1 Nab6 16. Na3 Qa4 17. Nc2 Nd5 18. Rh3 a6 19. Ng3 N7b6 20. Ne4 Nc4 21. Bg5 Nxb4 22. Kf1 Qb5 23. Kg1 Nxc2 24. Qxc2 Na3 25. Qd1 Qd5 26. Nc3 Qd7 27. Rd3 Nc4 28. Qf3 b5 29. Ne4 Qd5 30. Re1 a5 31. Qg3 Bb4 32. Re2 Rh7 33. Qf4 Ra7 34. Rg3 a4 35. Bf6 Bf8 36. Kh2 a3 37. Bxg7 Bxg7 38. Rxg7 Rxg7 39. Nf6+ Kf8 40. Nxd5 cxd5 41. Qf6 Ra8 42. f4 Kg8 43. f5 a2 44. Re1 Ne3 45. Rxe3 a1=Q 46. fxe6 Rxg2+ 0-1

[Event "90th UKR-ch"]
[Site "Kharkiv UKR"]
[Date "2021.12.16"]
[Round "8"]
[White "Volokytin, Andriy"]
[Black "Kravtsiv, Martyn"]
[WhiteElo "2677"]
[BlackElo "2604"]
[Result "1-0"]
[EventDate "2021.12.08"]
[PlyCount "81"]

1. e4 c5 2. Nf3 Nf6 3. e5 Nd5 4. Nc3 e6 5. Ne4 f5 6. Nc3 Nb4 7. a3 N4c6 8. b4 d5 9. exd6 Bxd6 10. Bc4 Nd4 11. Nb5 Nbc6 12. Nfxd4 cxd4 13. Nxd6+ Qxd6 14. O-O O-O 15. Bb2 Ne5 16. Bb3 Ng6 17. Re1 a5 18. c3 axb4 19. axb4 Rxa1 20. Bxa1 Nf4 21. Qf3 Bd7 22. cxd4 Qxb4 23. h4 h6 24. g3 Nd5 25. Bxd5 exd5 26. Qxd5+ Rf7 27. Bc3 Qb5 28. Qxb5 Bxb5 29. d5 Rd7 30. Re8+ Kh7 31. Rf8 Rxd5 32. Rf7 Rd7 33. Rxf5 Bd3 34. Re5 b5 35. f3 Kg8 36. h5 Kf7 37. Kf2 Bc4 38. g4 g6 39. hxg6+ Kxg6 40. Rc5 Rd6 41. Rc7 1-0

[Event "90th UKR-ch"]
[Site "Kharkiv UKR"]
[Date "2021.12.17"]
[Round "9"]
[White "Kravtsiv, Martyn"]
[Black "Bakhmatskyi, Vladyslav"]
[WhiteElo "2604"]
[BlackElo "2432"]
[Result "1-0"]
[EventDate "2021.12.08"]
[PlyCount "131"]

1. e4 e6 2. d4 d5 3. e5 c5 4. c3 Nc6 5. Nf3 Bd7 6. Be2 f6 7. O-O fxe5 8. dxe5 Nh6 9. c4 d4 10. Bxh6 gxh6 11. Nbd2 Qc7 12. Re1 O-O-O 13. Bd3 Be8 14. a3 Rg8 15. Be4 Kb8 16. Qb1 Bg6 17. Bxg6 Rxg6 18. g3 Be7 19. Re4 Rf8 20. Qd3 Rg7 21. Qe2 Rf5 22. Rf1 h5 23. Ne1 Nxe5 24. f4 Ng4 25. Ng2 e5 26. fxe5 Rxe5 27. Rxe5 Qxe5 28. Qxe5+ Nxe5 29. b3 h4 30. Rf5 Nd7 31. Ne4 hxg3 32. hxg3 b6 33. Nf4 Bd8 34. Kf2 Bc7 35. Nd5 Kb7 36. g4 Ne5 37. g5 Nf7 38. Ndf6 Nd6 39. Nxd6+ Bxd6 40. Ne8 Rd7 41. Nxd6+ Rxd6 42. Rf7+ Kc6 43. Rxh7 Rd8 44. Rh6+ Kc7 45. Kf3 d3 46. Rh1 d2 47. Ke2 Kd6 48. Kxd2 Ke5+ 49. Ke3 Rg8 50. Rg1 Rg6 51. Rd1 Rg8 52. Rd5+ Ke6 53. Ke4 Rh8 54. Re5+ Kf7 55. Kd5 Rh3 56. b4 Rd3+ 57. Kc6 Rxa3 58. bxc5 Ra4 59. Kb5 Ra5+ 60. Kb4 Kg6 61. Re6+ Kxg5 62. cxb6 axb6 63. Rxb6 Ra1 64. Re6 Kf5 65. Re2 Ra8 66. c5 1-0

[Event "90th UKR-ch"]
[Site "Kharkiv UKR"]
[Date "2021.12.17"]
[Round "9"]
[White "Kuzubov, Yuriy"]
[Black "Volokytin, Andriy"]
[WhiteElo "2652"]
[BlackElo "2677"]
[Result "0-1"]
[EventDate "2021.12.08"]
[PlyCount "72"]

1. d4 Nf6 2. c4 g6 3. g3 Bg7 4. Bg2 O-O 5. Nc3 Nc6 6. e3 d6 7. Nge2 e5 8. O-O exd4 9. Nxd4 Bg4 10. Nxc6 bxc6 11. Qa4 c5 12. Bd2 Nd7 13. h3 Bf5 14. b3 a5 15. Qc6 Ra7 16. f4 Nf6 17. g4 Bc8 18. g5 Nh5 19. Qf3 Bb7 20. e4 a4 21. Qd3 axb3 22. axb3 Bd4+ 23. Kh2 Rxa1 24. Rxa1 f6 25. Ra7 Qb8 26. Nb5 fxg5 27. Rxb7 Qxb7 28. e5 c6 29. Nxd4 cxd4 30. Qxd4 Qxb3 31. exd6 Qg3+ 32. Kh1 Nxf4 33. Bxf4 gxf4 34. Qe5 Qe3 35. Be4 Qxh3+ 36. Kg1 f3 0-1

[Event "90th UKR-ch"]
[Site "Kharkiv UKR"]
[Date "2021.12.17"]
[Round "9"]
[White "Moiseenko, Olexandr"]
[Black "Omelia, Artem"]
[WhiteElo "2597"]
[BlackElo "2509"]
[Result "1/2-1/2"]
[EventDate "2021.12.08"]
[PlyCount "57"]

1. d4 d5 2. c4 e6 3. Nc3 Nf6 4. cxd5 exd5 5. Bg5 c6 6. e3 Be7 7. Bd3 Nbd7 8. h3 Nf8 9. Bf4 Ne6 10. Be5 g6 11. Qc2 O-O 12. Nge2 Ng7 13. O-O-O Bf5 14. Bxf5 Nxf5 15. g4 Ng7 16. f3 Nd7 17. Bxg7 Kxg7 18. e4 Nb6 19. Kb1 Bh4 20. Nf4 dxe4 21. fxe4 Qe7 22. Ng2 Rad8 23. e5 Nd5 24. Ne4 f5 25. gxf5 Rxf5 26. Rhf1 Rdf8 27. Rxf5 Rxf5 28. a3 Bg5 29. Qe2 1/2-1/2

[Event "90th UKR-ch"]
[Site "Kharkiv UKR"]
[Date "2021.12.17"]
[Round "9"]
[White "Shevchenko, Kirill"]
[Black "Onyshchuk, Volodymyr"]
[WhiteElo "2655"]
[BlackElo "2620"]
[Result "1-0"]
[EventDate "2021.12.08"]
[PlyCount "155"]

1. d4 Nf6 2. Nf3 g6 3. Nc3 Bg7 4. e4 O-O 5. e5 Ne8 6. Bc4 d6 7. Qe2 Bg4 8. Bf4 c5 9. dxc5 dxe5 10. Bxe5 Bxe5 11. Qxe5 Bxf3 12. gxf3 Nc6 13. Qg5 Qd4 14. Bd5 Ng7 15. Qe3 Qh4 16. Qe4 Qh6 17. Qe3 Qh4 18. Ne4 Nf5 19. Qg5 Qh3 20. O-O-O Rad8 21. Qg4 Qh6+ 22. Qg5 Qg7 23. c3 Ncd4 24. Bxb7 Ne6 25. Qg1 Qe5 26. c6 Kg7 27. Kb1 h5 28. h3 Qf4 29. Qg2 a5 30. a4 Nd6 31. Nxd6 Rxd6 32. Rxd6 Qxd6 33. Qf1 Rd8 34. Qb5 Nc5 35. Re1 e5 36. Qe2 Kg8 37. Qb5 h4 38. Qc4 Rb8 39. Ka2 Kg7 40. Qb5 f6 41. Kb1 Nxb7 42. cxb7 Qc7 43. Rd1 Rxb7 44. Qd5 g5 45. Qe6 Qb8 46. Rd2 Rf7 47. Ka2 Qb7 48. Rd5 Re7 49. Qd6 Rf7 50. Qe6 Re7 51. Qd6 Rf7 52. Qd8 Qc6 53. Rxa5 Qxf3 54. Ra8 Kg6 55. Qg8+ Rg7 56. Qe8+ Kf5 57. Qc8+ Kg6 58. Qe8+ Kf5 59. Qc8+ Kg6 60. a5 Qxf2 61. a6 Qb6 62. Rb8 Qa5+ 63. Kb1 Qd5 64. Rb6 Rd7 65. Qe8+ Kf5 66. b3 Rc7 67. Qf8 Rf7 68. Qb4 Qf3 69. Qc4 Kg6 70. Rb8 Rd7 71. Kb2 Rg7 72. Ka3 Qxh3 73. Rb7 Qf3 74. Qc8 h3 75. Rxg7+ Kxg7 76. a7 h2 77. a8=Q h1=Q 78. Qg8+ 1-0

[Event "90th UKR-ch"]
[Site "Kharkiv UKR"]
[Date "2021.12.17"]
[Round "9"]
[White "Vysochin, Spartak"]
[Black "Kryvoruchko, Yuriy"]
[WhiteElo "2505"]
[BlackElo "2685"]
[Result "0-1"]
[EventDate "2021.12.08"]
[PlyCount "72"]

1. e4 c5 2. Nf3 Nc6 3. Bb5 e6 4. O-O Nge7 5. c3 a6 6. Ba4 b5 7. Bc2 Bb7 8. Re1 Rc8 9. a4 b4 10. d4 Ng6 11. d5 Na5 12. Be3 Be7 13. cxb4 cxb4 14. Nbd2 O-O 15. Bd3 Bc5 16. Bxc5 Rxc5 17. Nb3 Nxb3 18. Qxb3 Qb6 19. dxe6 dxe6 20. Bf1 Rfc8 21. Rad1 h6 22. g3 Ne5 23. Nxe5 Rxe5 24. Bg2 Rec5 25. Rd2 a5 26. Bf3 Qc7 27. Kg2 Bc6 28. Bd1 Rd8 29. Rxd8+ Qxd8 30. Qe3 Rc4 31. f3 Rd4 32. Bc2 b3 33. Qxb3 Bxa4 34. Qxa4 Rxa4 35. Bxa4 Qd2+ 36. Kf1 Qxb2 0-1